000 01303cad a22002535a 4500
001 L157025
008 120814s2012 xxk f 000 0 eng d
020 _a9789081906005
035 _a(Sirsi) u157025
041 0 _aeng
110 2 _aTEGoVA
_93466
245 0 0 _aEuropean valuation standards 2012
_h[electronic resource]
250 _a7th ed.
260 _a[S.l.]
_bTEGoVA
_c2012
505 2 _aPart 1 European valuation and applications -- Part 2 European Union legislation and property valuation -- Part 3 other technical documents
520 _aThe standards (also known as the 'Blue Book') are intended to serve the needs of valuers who are members of the 45 valuers' associations from 26 countries representing the membership of TEGoVA. Provides a new and updated set of valuation standards to ensure valuations are consistent across Europe. The standards do not address any country specific issues or valuation methodology.
520 _aSupersedes 6th edition 2009 (ISBN 9789090241388) (L147168)
590 _aKA
650 2 4 _aTEGOVA EUROPEAN VALUATION STANDARDS
651 4 _aEurope
690 _aValuation
_96273
856 4 0 _uhttps://web.archive.org/web/20130226155701/http://www.tegova.org/data/bin/4fe1febe8fd1c_EVS+2012.pdf
_zArchived publication available
942 _n0
_2ddc
999 _c114547
_d114547